| 000 | 00494nam a2200205 a 4500 | ||
|---|---|---|---|
| 001 | BRCA_8053 | ||
| 005 | 20190320210118.0 | ||
| 008 | 310314s1966----gw-####f##---#001-0#ger-# | ||
| 041 | _ager | ||
| 044 | _agw | ||
| 050 | 4 |
_aPT2611 _b.F56 1966 |
|
| 100 | 1 |
_aFinck, Werner _920010 |
|
| 245 | 1 | 0 |
_aFinckenschläge _cWerner Finck. |
| 260 |
_aAlemania _bF. A. Herbig _c1966 |
||
| 300 |
_a159 p. _c20 cm. |
||
| 500 | _aY49 | ||
| 650 | 1 | 4 |
_aPoesĂa _zAlemania _920011 |
| 902 | _aGFM | ||
| 942 |
_2lcc _cB |
||
| 999 |
_c7721 _d7721 |
||